[Event "27th Fajr Open 2019"]
[Site "Tehran IRI"]
[Date "2019.02.06"]
[Round "2.3"]
[White "Cubas Pons, Ju"]
[Black "Firouzja, Alireza"]
[Result "0-1"]
[WhiteElo "2280"]
[BlackElo "2618"]
[PlyCount "62"]
[EventDate "2019.02.05"]
[EventType "swiss"]
[EventRounds "9"]
[EventCountry "IRI"]
[SourceTitle "The Week in Chess 1266"]
[Source "Mark Crowther"]
[SourceDate "2019.02.12"]
[SourceVersion "1"]
[SourceVersionDate "2019.02.12"]
[SourceQuality "2"]

1. d4 Nf6 2. c4 e6 3. Nc3 Bb4 4. g3 O-O 5. Bg2 d5 6. a3 Be7 7. cxd5 exd5 8. Nh3
c6 9. O-O Re8 10. Nf4 h6 11. f3 c5 12. e3 cxd4 13. exd4 Nc6 14. Qd3 Bf8 15. Bd2
b6 16. Rfe1 Rxe1+ 17. Bxe1 a5 18. Bf2 Ba6 19. Qf5 g6 20. Qc2 Bg7 21. Ncxd5 Nxd5
22. Nxd5 Qxd5 23. f4 Nxd4 24. Bxd5 Nxc2 25. Rc1 Rc8 26. Bxb6 Bxb2 27. Rd1 Nxa3
28. Bxa5 Nc4 29. Bxc4 Bxc4 30. Rd8+ Rxd8 31. Bxd8 f5 0-1

[Event "ch-Paranaense Blitz 2019"]
[Site "Curitiba BRA"]
[Date "2019.01.20"]
[Round "5.2"]
[White "Molina, Rob"]
[Black "Cubas, Jo"]
[Result "0-1"]
[WhiteElo "2458"]
[BlackElo "2506"]
[PlyCount "142"]
[EventDate "2019.01.20"]
[EventType "swiss (blitz)"]
[EventRounds "11"]
[EventCountry "BRA"]
[SourceTitle "The Week in Chess 1263"]
[Source "Mark Crowther"]
[SourceDate "2019.01.21"]
[SourceVersion "1"]
[SourceVersionDate "2019.01.21"]
[SourceQuality "2"]

1. d4 d5 2. c4 c6 3. Nf3 Nf6 4. Nc3 dxc4 5. a4 Bg4 6. Ne5 Bh5 7. Nxc4 e6 8. Qb3
Na6 9. e3 Nb4 10. Be2 Bg6 11. Na3 a5 12. O-O Bd6 13. Bd2 Ne4 14. Nxe4 Bxe4 15.
Nc4 Be7 16. Rac1 Bd5 17. Qd1 O-O 18. Bf3 Bxf3 19. Qxf3 Qd5 20. Bxb4 Qxf3 21.
gxf3 axb4 22. b3 f6 23. f4 Rfd8 24. Rfd1 Kf7 25. Kf1 h5 26. h3 Kg6 27. Ke2 Kf7
28. Kf3 Rh8 29. Rg1 Rhg8 30. Rg2 g6 31. Ke2 Rad8 32. Rgg1 Rd5 33. Kf3 g5 34.
fxg5 Rdxg5 35. Rxg5 Rxg5 36. Nd2 Rf5+ 37. Ke2 Rg5 38. Ne4 Rg8 39. Kf3 h4 40.
Nd2 e5 41. dxe5 fxe5 42. Ne4 Ke6 43. Rd1 Rf8+ 44. Ke2 Rb8 45. Nd2 b5 46. axb5
cxb5 47. Ne4 Ra8 48. Rd3 Ra2+ 49. Kf3 Rb2 50. Nd2 Rc2 51. Ne4 Kf5 52. Rd5 Rb2
53. Rxb5 Rxb3 54. Rb7 Ke6 55. Rb6+ Kd5 56. Rb5+ Ke6 57. Nc5+ Bxc5 58. Rxc5 Rc3
59. Rb5 b3 60. Ke4 Kd6 61. f4 exf4 62. Kxf4 Kc6 63. Rb8 Kc5 64. e4 Rxh3 65. e5
Kc6 66. Kg4 Re3 67. Kxh4 Kc5 68. Kg4 Kd4 69. Rb5 Kc4 70. Kf4 Kxb5 71. Kxe3 b2
0-1

[Event "ch-Paranaense Blitz 2019"]
[Site "Curitiba BRA"]
[Date "2019.01.20"]
[Round "7.2"]
[White "Rodriguez Vila, A."]
[Black "Cubas, Jo"]
[Result "1/2-1/2"]
[WhiteElo "2480"]
[BlackElo "2506"]
[PlyCount "39"]
[EventDate "2019.01.20"]
[EventType "swiss (blitz)"]
[EventRounds "11"]
[EventCountry "BRA"]
[SourceTitle "The Week in Chess 1263"]
[Source "Mark Crowther"]
[SourceDate "2019.01.21"]
[SourceVersion "1"]
[SourceVersionDate "2019.01.21"]
[SourceQuality "2"]

1. d4 d5 2. Nf3 Nf6 3. e3 e6 4. c4 c6 5. b3 Bb4+ 6. Nbd2 O-O 7. Bd3 Nbd7 8. O-O
Re8 9. Bb2 c5 10. cxd5 exd5 11. Qc2 b6 12. a3 Ba5 13. Ne5 Bb7 14. Ndf3 Rc8 15.
Qb1 Ne4 16. Bb5 Nxe5 17. dxe5 Re6 18. Rd1 Rg6 19. Bf1 Qd7 20. Qxe4 1/2-1/2

[Event "10th Pilsen Open 2018"]
[Site "Plzen CZE"]
[Date "2018.11.18"]
[Round "1.3"]
[White "Cubas Pons, Ju"]
[Black "Burda, Otto"]
[Result "1-0"]
[WhiteElo "2270"]
[BlackElo "1842"]
[PlyCount "73"]
[EventDate "2018.11.18"]
[EventType "swiss"]
[EventRounds "9"]
[EventCountry "CZE"]
[SourceTitle "The Week in Chess 1255"]
[Source "Mark Crowther"]
[SourceDate "2018.11.26"]
[SourceVersion "1"]
[SourceVersionDate "2018.12.02"]
[SourceQuality "2"]

1. d4 Nf6 2. c4 e6 3. Nc3 d5 4. Bg5 Be7 5. e3 O-O 6. Nf3 c6 7. Qc2 Nbd7 8. cxd5
exd5 9. Bd3 Re8 10. O-O a5 11. h3 h6 12. Bf4 Nf8 13. Ne5 Be6 14. Bh2 Bd6 15. f4
Qc7 16. Rac1 Rac8 17. Qf2 Qe7 18. Bg3 Nh5 19. Bh4 g5 20. Qf3 Ng7 21. Bf2 f5 22.
Rc2 Bxe5 23. fxe5 Qf7 24. Na4 Qd7 25. Rfc1 Rc7 26. Be1 Ra8 27. Qf1 f4 28. exf4
Bf5 29. fxg5 Bxd3 30. Qxd3 hxg5 31. Rf2 Qe6 32. Qf3 b5 33. Nc3 b4 34. Nb5 Rcc8
35. Nd6 c5 36. Nxc8 Rxc8 37. Rxc5 1-0

[Event "10th Pilsen Open 2018"]
[Site "Plzen CZE"]
[Date "2018.11.20"]
[Round "3.2"]
[White "Cubas Pons, Ju"]
[Black "Schaefer, Re"]
[Result "1-0"]
[WhiteElo "2270"]
[BlackElo "2136"]
[PlyCount "57"]
[EventDate "2018.11.18"]
[EventType "swiss"]
[EventRounds "9"]
[EventCountry "CZE"]
[SourceTitle "The Week in Chess 1255"]
[Source "Mark Crowther"]
[SourceDate "2018.11.26"]
[SourceVersion "1"]
[SourceVersionDate "2018.12.02"]
[SourceQuality "2"]

1. d4 Nf6 2. c4 e6 3. Nc3 Bb4 4. g3 O-O 5. Bg2 d5 6. a3 Be7 7. cxd5 exd5 8. Nh3
c6 9. O-O Nbd7 10. Nf4 Re8 11. f3 Nf8 12. e4 Ne6 13. e5 Nd7 14. Nfe2 f6 15. f4
fxe5 16. dxe5 d4 17. Ne4 Ndc5 18. b4 d3 19. bxc5 dxe2 20. Qxe2 Nxc5 21. Rd1 Qc7
22. Bb2 Bf5 23. Nxc5 Bxc5+ 24. Kh1 Bf8 25. g4 Be6 26. f5 Bb3 27. Rf1 Rad8 28.
Qf2 Rxe5 29. Qg3 1-0

[Event "10th Pilsen Open 2018"]
[Site "Plzen CZE"]
[Date "2018.11.21"]
[Round "4.2"]
[White "Jurek, J."]
[Black "Cubas Pons, Ju"]
[Result "1-0"]
[WhiteElo "2248"]
[BlackElo "2270"]
[PlyCount "57"]
[EventDate "2018.11.18"]
[EventType "swiss"]
[EventRounds "9"]
[EventCountry "CZE"]
[SourceTitle "The Week in Chess 1255"]
[Source "Mark Crowther"]
[SourceDate "2018.11.26"]
[SourceVersion "1"]
[SourceVersionDate "2018.12.02"]
[SourceQuality "2"]

1. Nf3 d5 2. d4 Nf6 3. c4 e6 4. Bg5 Be7 5. Nc3 Nbd7 6. e3 O-O 7. Rc1 a6 8. c5
b6 9. c6 Nb8 10. Ne5 Ne8 11. Bxe7 Qxe7 12. Bd3 f6 13. Bxh7+ Kxh7 14. Qh5+ Kg8
15. Ng6 Qd6 16. O-O f5 17. Ne2 Nf6 18. Qh4 Re8 19. Nef4 Nh7 20. Ne5 a5 21. Rc3
Qe7 22. Qh5 Ba6 23. e4 Nf6 24. Qg6 Bxf1 25. Rh3 Nxc6 26. Nxc6 Qf7 27. Rh8+ Kxh8
28. Qxf7 Bb5 29. e5 1-0

[Event "10th Pilsen Open 2018"]
[Site "Plzen CZE"]
[Date "2018.11.22"]
[Round "5.2"]
[White "Plischki, S."]
[Black "Cubas Pons, Ju"]
[Result "1-0"]
[WhiteElo "2419"]
[BlackElo "2270"]
[PlyCount "53"]
[EventDate "2018.11.18"]
[EventType "swiss"]
[EventRounds "9"]
[EventCountry "CZE"]
[SourceTitle "The Week in Chess 1255"]
[Source "Mark Crowther"]
[SourceDate "2018.11.26"]
[SourceVersion "1"]
[SourceVersionDate "2018.12.02"]
[SourceQuality "2"]

1. d4 d5 2. c4 e6 3. Nc3 c6 4. Nf3 dxc4 5. e3 b5 6. a4 Bb4 7. Bd2 a5 8. axb5
Bxc3 9. Bxc3 cxb5 10. b3 Bb7 11. bxc4 b4 12. Bb2 Nf6 13. Bd3 O-O 14. O-O Nbd7
15. Nd2 Qc7 16. Bc2 e5 17. d5 Nc5 18. f4 Ncd7 19. fxe5 Nxe5 20. Rxf6 gxf6 21.
Qh5 Ng6 22. Ne4 Ra6 23. Nxf6+ Rxf6 24. Bxf6 Qd6 25. Bd4 Rc8 26. Bd3 Ra8 27. Rf1
1-0

[Event "10th Pilsen Open 2018"]
[Site "Plzen CZE"]
[Date "2018.11.23"]
[Round "6.7"]
[White "Cubas Pons, Ju"]
[Black "Barbier, Astrid"]
[Result "1/2-1/2"]
[WhiteElo "2270"]
[BlackElo "1931"]
[PlyCount "73"]
[EventDate "2018.11.18"]
[EventType "swiss"]
[EventRounds "9"]
[EventCountry "CZE"]
[SourceTitle "The Week in Chess 1255"]
[Source "Mark Crowther"]
[SourceDate "2018.11.26"]
[SourceVersion "1"]
[SourceVersionDate "2018.12.02"]
[SourceQuality "2"]

1. d4 f5 2. c4 Nf6 3. Nc3 g6 4. Qc2 Bg7 5. Bg5 O-O 6. e3 d6 7. O-O-O c6 8. h4
Nbd7 9. Nge2 e5 10. h5 Qe8 11. hxg6 hxg6 12. dxe5 dxe5 13. e4 Nc5 14. f3 Be6
15. Be3 Qe7 16. g3 fxe4 17. Nxe4 Ncxe4 18. fxe4 Ng4 19. Bg1 Nf2 20. Bxf2 Rxf2
21. Qd3 Qb4 22. b3 Bg4 23. Rh4 Rf3 24. Qc2 Be6 25. Bh3 Bxh3 26. Rxh3 a5 27. Qd2
Qa3+ 28. Qb2 Qxb2+ 29. Kxb2 Rf2 30. Rd2 Bf6 31. Kb1 Bg5 32. Rd6 Rxe2 33. Rxg6+
Kf7 34. Rxg5 Rd8 35. Rf5+ Kg6 36. Kc1 Rdd2 37. Rh4 1/2-1/2

[Event "10th Pilsen Open 2018"]
[Site "Plzen CZE"]
[Date "2018.11.24"]
[Round "7.7"]
[White "Borovicka, B."]
[Black "Cubas Pons, Ju"]
[Result "0-1"]
[WhiteElo "1916"]
[BlackElo "2270"]
[PlyCount "90"]
[EventDate "2018.11.18"]
[EventType "swiss"]
[EventRounds "9"]
[EventCountry "CZE"]
[SourceTitle "The Week in Chess 1255"]
[Source "Mark Crowther"]
[SourceDate "2018.11.26"]
[SourceVersion "1"]
[SourceVersionDate "2018.12.02"]
[SourceQuality "2"]

1. e4 e6 2. b3 d5 3. Bb2 Nf6 4. e5 Nfd7 5. f4 c5 6. Nf3 Nc6 7. g3 Be7 8. Bg2 b5
9. a4 bxa4 10. Rxa4 Nb6 11. Ra1 a5 12. d3 a4 13. Nbd2 axb3 14. Rxa8 Nxa8 15.
Nxb3 Qb6 16. O-O c4+ 17. Bd4 Nxd4 18. Nbxd4 cxd3 19. cxd3 O-O 20. Qb1 Ba6 21.
Qxb6 Nxb6 22. Rb1 Bc5 23. Bf1 f6 24. Kg2 Kf7 25. Nb3 Be7 26. Ra1 Ra8 27. d4
Bxf1+ 28. Kxf1 Rc8 29. Rc1 Nc4 30. Ke2 Rb8 31. Nbd2 Rb2 32. Kd3 Nxd2 33. Nxd2
fxe5 34. fxe5 Rxd2+ 35. Kxd2 Bg5+ 36. Kc2 Bxc1 37. Kxc1 Kg6 38. Kd2 Kf5 39. Kd3
Kg4 40. Ke3 Kh3 41. Kf3 Kxh2 42. Kf2 g6 43. Kf3 Kh3 44. Kf4 h6 45. Kf3 g5 0-1

[Event "Copel Telecom SESC Open"]
[Site "Caioba BRA"]
[Date "2018.08.03"]
[Round "6.1"]
[White "Granda Zuniga, J."]
[Black "Cubas, Jo"]
[Result "1/2-1/2"]
[WhiteElo "2631"]
[BlackElo "2489"]
[PlyCount "72"]
[EventDate "2018.08.01"]
[EventType "swiss"]
[EventRounds "9"]
[EventCountry "BRA"]
[SourceTitle "The Week in Chess 1240"]
[Source "Mark Crowther"]
[SourceDate "2018.08.13"]
[SourceVersion "1"]
[SourceVersionDate "2018.08.13"]
[SourceQuality "2"]

1. c4 e6 2. Nc3 d5 3. d4 Nf6 4. Bg5 Nbd7 5. e3 Be7 6. Rc1 O-O 7. Nf3 a6 8. c5
Re8 9. Bd3 Nf8 10. h4 N6d7 11. Bxe7 Qxe7 12. e4 dxe4 13. Nxe4 Nf6 14. O-O Bd7
15. Nxf6+ Qxf6 16. Be4 Rab8 17. Re1 Bc6 18. Bxc6 bxc6 19. Qe2 Ng6 20. g3 h6 21.
Rc3 a5 22. Ra3 Rb5 23. h5 Ne7 24. Ne5 Rb4 25. Rd1 Nf5 26. Nxc6 Nxd4 27. Rxd4
Rxd4 28. Rf3 Rd2 29. Qxd2 Qxf3 30. Qd7 Rf8 31. Qxc7 Qd1+ 32. Kg2 Qd5+ 33. Kg1
Qd1+ 34. Kg2 Qd5+ 35. Kg1 Qd1+ 36. Kg2 Qd7 1/2-1/2

[Event "Copel Telecom SESC Open"]
[Site "Caioba BRA"]
[Date "2018.08.04"]
[Round "7.1"]
[White "Cubas, Jo"]
[Black "Rodriguez Vila, A."]
[Result "1/2-1/2"]
[WhiteElo "2489"]
[BlackElo "2487"]
[PlyCount "112"]
[EventDate "2018.08.01"]
[EventType "swiss"]
[EventRounds "9"]
[EventCountry "BRA"]
[SourceTitle "The Week in Chess 1240"]
[Source "Mark Crowther"]
[SourceDate "2018.08.13"]
[SourceVersion "1"]
[SourceVersionDate "2018.08.13"]
[SourceQuality "2"]

1. e4 e5 2. Nf3 Nc6 3. Bb5 a6 4. Ba4 Nf6 5. O-O b5 6. Bb3 Bc5 7. a4 Rb8 8. c3
d6 9. d4 Bb6 10. a5 Ba7 11. Be3 O-O 12. dxe5 Bxe3 13. exf6 Bh6 14. fxg7 Bxg7
15. Qd5 Ne5 16. Nxe5 dxe5 17. Qxd8 Rxd8 18. Na3 b4 19. cxb4 Rxb4 20. Bd5 Bb7
21. Nc2 Rxb2 22. Ne3 Bxd5 23. Nxd5 c6 24. Ne7+ Kf8 25. Nf5 Rb5 26. Rfc1 c5 27.
Ra3 Bf6 28. h4 Ke8 29. g3 Be7 30. Ne3 Rd4 31. f3 Bd8 32. Nc4 f6 33. Kf2 Kd7 34.
Ke3 Bc7 35. h5 Kc6 36. f4 exf4+ 37. gxf4 Rb4 38. Rac3 Kb5 39. Na3+ Ka4 40. Nc2
Rxe4+ 41. Kd3 Bxf4 42. Nxb4 Rd4+ 43. Kc2 Bxc1 44. Nxa6 Bd2 45. Nxc5+ Kb5 46.
Rd3 Rc4+ 47. Kxd2 Rxc5 48. h6 Rh5 49. a6 Kxa6 50. Rd6+ Kb5 51. Rxf6 Kc5 52. Ra6
Rh3 53. Ke2 Kd5 54. Kf2 Ke4 55. Kg2 Rh5 56. Ra4+ Kf5 1/2-1/2

[Event "Copel Telecom SESC Open"]
[Site "Caioba BRA"]
[Date "2018.08.04"]
[Round "8.2"]
[White "Cubas, Jo"]
[Black "Di Berardino, D."]
[Result "1-0"]
[WhiteElo "2489"]
[BlackElo "2528"]
[PlyCount "122"]
[EventDate "2018.08.01"]
[EventType "swiss"]
[EventRounds "9"]
[EventCountry "BRA"]
[SourceTitle "The Week in Chess 1240"]
[Source "Mark Crowther"]
[SourceDate "2018.08.13"]
[SourceVersion "1"]
[SourceVersionDate "2018.08.13"]
[SourceQuality "2"]

1. e4 c5 2. Nf3 d6 3. d4 cxd4 4. Nxd4 Nf6 5. Nc3 a6 6. Be3 e5 7. Nf3 Be7 8. Bc4
O-O 9. Bb3 Nc6 10. Bg5 Ne8 11. Bxe7 Qxe7 12. Qd3 Na5 13. Nd5 Qd8 14. O-O Be6
15. Rfd1 Rc8 16. Ne3 Nxb3 17. axb3 Qc7 18. h3 h6 19. Qd2 Qe7 20. Qb4 Qc7 21.
Rd3 f5 22. exf5 Bxf5 23. Nxf5 Rxf5 24. Qg4 Qd7 25. Nxe5 Qe6 26. Nf3 Nf6 27. Qg6
Rf4 28. Rad1 Qe4 29. Qxe4 Nxe4 30. c3 a5 31. Rd4 Rcf8 32. Re1 Rxf3 33. gxf3 Ng5
34. Rxd6 Nxf3+ 35. Kf1 Nxe1 36. Kxe1 Rf3 37. Rd5 Rxh3 38. Rxa5 Rh1+ 39. Ke2 h5
40. Kf3 h4 41. Kg2 Rb1 42. Rb5 Rxb2 43. Rxb7 Kh7 44. Kh3 Rxf2 45. Kxh4 Kg6 46.
Kg3 Rc2 47. Rc7 Kf5 48. Kf3 g5 49. Rc5+ Ke6 50. Ke3 g4 51. Kd3 Rb2 52. b4 g3
53. Rg5 g2 54. Kc4 Rf2 55. Rg8 Kf5 56. Kb5 Kf6 57. Ka4 Kf5 58. c4 Ke5 59. c5
Kd5 60. Kb5 Rc2 61. Rg5+ Ke6 1-0

[Event "Copel Telecom SESC Open"]
[Site "Caioba BRA"]
[Date "2018.08.05"]
[Round "9.2"]
[White "Stamenkovic, Dr"]
[Black "Cubas, Jo"]
[Result "1/2-1/2"]
[WhiteElo "2383"]
[BlackElo "2489"]
[PlyCount "91"]
[EventDate "2018.08.01"]
[EventType "swiss"]
[EventRounds "9"]
[EventCountry "BRA"]
[SourceTitle "The Week in Chess 1240"]
[Source "Mark Crowther"]
[SourceDate "2018.08.13"]
[SourceVersion "1"]
[SourceVersionDate "2018.08.13"]
[SourceQuality "2"]

1. d4 Nf6 2. Bg5 d5 3. Bxf6 exf6 4. e3 Bd6 5. Bd3 c6 6. Nd2 O-O 7. Qf3 a5 8.
Ne2 Re8 9. c3 Nd7 10. O-O Nf8 11. e4 Ne6 12. h4 dxe4 13. Nxe4 Be7 14. g3 g6 15.
Rfe1 h5 16. Nf4 Nxf4 17. Qxf4 Be6 18. a3 Kg7 19. Re2 Qd7 20. Rae1 c5 21. a4 c4
22. Bc2 Bd5 23. Nc5 Bxc5 24. dxc5 Rxe2 25. Rxe2 Re8 26. Rxe8 Qxe8 27. Kf1 Qe6
28. Bd1 Bc6 29. Qd4 Bd5 30. Qf4 Bc6 31. Bf3 Qe5 32. Qxe5 fxe5 33. Be2 Bd5 34.
f3 Kf6 35. Kf2 Ke7 36. Ke3 Kd7 37. f4 Ke6 38. Bf1 f6 39. Bh3+ Ke7 40. Bf1 Kd7
41. Be2 Ke6 42. Bf1 Kd7 43. Be2 Ke7 44. Bf1 Kf7 45. Be2 Ke6 46. Bf1 1/2-1/2

[Event "Copel Telecom SESC Open"]
[Site "Caioba BRA"]
[Date "2018.08.01"]
[Round "1.5"]
[White "Cubas, Jo"]
[Black "Serafim Junior, Arnor"]
[Result "1-0"]
[WhiteElo "2489"]
[BlackElo "1813"]
[PlyCount "84"]
[EventDate "2018.08.01"]
[EventType "swiss"]
[EventRounds "9"]
[EventCountry "BRA"]
[SourceTitle "The Week in Chess 1239"]
[Source "Mark Crowther"]
[SourceDate "2018.08.06"]
[SourceVersion "1"]
[SourceVersionDate "2018.08.06"]
[SourceQuality "2"]

1. e4 c5 2. Nf3 Nc6 3. d4 cxd4 4. Nxd4 g6 5. Nc3 Bg7 6. Be3 Nf6 7. Bc4 Qa5 8.
O-O O-O 9. Bb3 d6 10. h3 Bd7 11. Re1 Rac8 12. Qe2 Rfe8 13. Rad1 Nxd4 14. Bxd4
Bc6 15. Qe3 Nd7 16. Qf3 Rf8 17. Bxg7 Kxg7 18. Nd5 Ne5 19. Qe3 Rfe8 20. f4 Nd7
21. Kh2 Qc5 22. Qg3 e6 23. Nc3 Nf6 24. Qh4 Qh5 25. Qg3 d5 26. e5 Nd7 27. Qf2 a5
28. g4 Qh6 29. g5 Qh5 30. Ne2 Nxe5 31. Qd4 a4 32. Qxe5+ Kg8 33. Nd4 axb3 34.
axb3 h6 35. Rf1 hxg5 36. fxg5 Qh4 37. Rf4 Qh8 38. Rf6 Re7 39. Rdf1 Be8 40.
Rxg6+ fxg6 41. Rf8+ Kxf8 42. Qxh8+ Kf7 1-0

[Event "Copel Telecom SESC Open"]
[Site "Caioba BRA"]
[Date "2018.08.01"]
[Round "2.5"]
[White "Calcado, A."]
[Black "Cubas, Jo"]
[Result "0-1"]
[WhiteElo "2090"]
[BlackElo "2489"]
[PlyCount "80"]
[EventDate "2018.08.01"]
[EventType "swiss"]
[EventRounds "9"]
[EventCountry "BRA"]
[SourceTitle "The Week in Chess 1239"]
[Source "Mark Crowther"]
[SourceDate "2018.08.06"]
[SourceVersion "1"]
[SourceVersionDate "2018.08.06"]
[SourceQuality "2"]

1. e4 c5 2. Nf3 Nc6 3. d4 cxd4 4. Nxd4 e5 5. Nb5 d6 6. a4 Be6 7. N1c3 a6 8. Na3
Rc8 9. Bc4 Bxc4 10. Nxc4 Nd4 11. Ne3 Nf6 12. O-O Be7 13. Ncd5 Nxd5 14. exd5 Qd7
15. c3 Nf5 16. Qd3 Nh4 17. f4 exf4 18. Rxf4 O-O 19. Bd2 Ng6 20. Qf5 Qd8 21. Rb4
Rc7 22. Rf1 Ne5 23. Ng4 Nc4 24. Nh6+ gxh6 25. Qg4+ Bg5 26. Bxg5 hxg5 27. Rxc4
Rxc4 28. Qxc4 Qb6+ 29. Kh1 Qxb2 30. h4 Qd2 31. hxg5 Qxg5 32. Re1 f5 33. Re6 f4
34. Qe4 Rf7 35. Re8+ Kg7 36. Qd4+ Rf6 37. Re6 f3 38. gxf3 Qh5+ 39. Kg1 Qxf3 40.
Qh4 Qf1+ 0-1

[Event "IV Concordia Open 2018"]
[Site "Concordia BRA"]
[Date "2018.06.29"]
[Round "1.7"]
[White "Vicenzi, Liziane Nathalia"]
[Black "Cubas, Jo"]
[Result "0-1"]
[WhiteElo "1511"]
[BlackElo "2476"]
[PlyCount "78"]
[EventDate "2018.06.29"]
[EventType "swiss"]
[EventRounds "6"]
[EventCountry "BRA"]
[SourceTitle "The Week in Chess 1234"]
[Source "Mark Crowther"]
[SourceDate "2018.07.02"]
[SourceVersion "1"]
[SourceVersionDate "2018.07.02"]
[SourceQuality "2"]

1. d4 Nf6 2. c4 g6 3. Nc3 d5 4. Nf3 Bg7 5. e3 O-O 6. Be2 b6 7. O-O Bb7 8. b3 c5
9. Bb2 cxd4 10. exd4 Nc6 11. Rc1 Rc8 12. Re1 Bh6 13. Rb1 dxc4 14. Bxc4 Nb4 15.
Ne5 Nbd5 16. Nxd5 Nxd5 17. Qg4 Qd6 18. Rbd1 a6 19. h4 b5 20. Bd3 Rc7 21. Qg3
Bf4 22. Qh3 f6 23. Nf3 Bc8 24. Qh1 Bg4 25. Bc1 Nc3 26. Bxf4 Qxf4 27. Rc1 Ne2+
28. Bxe2 Rxc1 29. Rxc1 Qxc1+ 30. Bf1 Rd8 31. Kh2 Qf4+ 32. Kg1 Bxf3 33. gxf3
Rxd4 34. Qh3 f5 35. h5 Qg5+ 36. Qg2 Qxh5 37. a4 bxa4 38. bxa4 Rxa4 39. Bd3 Ra1+
0-1

[Event "IV Concordia Open 2018"]
[Site "Concordia BRA"]
[Date "2018.06.29"]
[Round "2.7"]
[White "Cubas, Jo"]
[Black "Bracht, Rainer"]
[Result "1-0"]
[WhiteElo "2476"]
[BlackElo "1899"]
[PlyCount "59"]
[EventDate "2018.06.29"]
[EventType "swiss"]
[EventRounds "6"]
[EventCountry "BRA"]
[SourceTitle "The Week in Chess 1234"]
[Source "Mark Crowther"]
[SourceDate "2018.07.02"]
[SourceVersion "1"]
[SourceVersionDate "2018.07.02"]
[SourceQuality "2"]

1. e4 e5 2. Nf3 Nc6 3. d4 exd4 4. Nxd4 Nf6 5. Nc3 d6 6. Be2 Nxd4 7. Qxd4 Be7 8.
b3 Be6 9. Bb2 O-O 10. O-O-O Ne8 11. Nd5 Bxd5 12. Qxd5 c6 13. Qd4 Bf6 14. Qb4
Bxb2+ 15. Kxb2 b5 16. e5 d5 17. Bd3 a5 18. Bxh7+ Kxh7 19. Qxf8 Qd7 20. Rd4 Nc7
21. Rh4+ Kg6 22. Qc5 Ne6 23. Qe3 f6 24. exf6 Kxf6 25. Re1 Re8 26. Rh5 Kf7 27.
Rf5+ Kg8 28. Re5 Kf7 29. Qf3+ Kg8 30. Qh3 1-0

[Event "IV Concordia Open 2018"]
[Site "Concordia BRA"]
[Date "2018.06.30"]
[Round "3.6"]
[White "Florianovitz, Derlei Alex"]
[Black "Cubas, Jo"]
[Result "0-1"]
[WhiteElo "2051"]
[BlackElo "2476"]
[PlyCount "94"]
[EventDate "2018.06.29"]
[EventType "swiss"]
[EventRounds "6"]
[EventCountry "BRA"]
[SourceTitle "The Week in Chess 1234"]
[Source "Mark Crowther"]
[SourceDate "2018.07.02"]
[SourceVersion "1"]
[SourceVersionDate "2018.07.02"]
[SourceQuality "2"]

1. e4 c5 2. Nf3 d6 3. d4 cxd4 4. Nxd4 Nf6 5. Nc3 e5 6. Ndb5 a6 7. Na3 b5 8. Nd5
Nxd5 9. Qxd5 Ra7 10. Be3 Be6 11. Qd2 Rb7 12. Be2 Be7 13. O-O O-O 14. c4 b4 15.
Nc2 a5 16. b3 Nd7 17. Bf3 Qb8 18. g3 Rd8 19. Rfd1 h6 20. Qe2 Qc8 21. Bg4 Nf6
22. Bf3 Nd7 23. Bg4 Rf8 24. Bxe6 fxe6 25. Rd3 Qc6 26. f3 Ra8 27. Qd2 Nc5 28.
Bxc5 Qxc5+ 29. Qe3 Qc7 30. Kg2 a4 31. Rad1 axb3 32. axb3 Ra2 33. R3d2 d5 34.
exd5 exd5 35. Qd3 dxc4 36. bxc4 Bg5 37. Qb3 Bxd2 38. Qxa2 Bc3 39. Qa8+ Rb8 40.
Qd5+ Kh8 41. c5 b3 42. Na3 b2 43. c6 Rc8 44. Qe4 Bd4 45. Nb5 Qxc6 46. Qf5 Qc2+
47. Qxc2 Rxc2+ 0-1

[Event "IV Concordia Open 2018"]
[Site "Concordia BRA"]
[Date "2018.06.30"]
[Round "4.2"]
[White "Cubas, Jo"]
[Black "Mekhitarian, K."]
[Result "0-1"]
[WhiteElo "2476"]
[BlackElo "2546"]
[PlyCount "76"]
[EventDate "2018.06.29"]
[EventType "swiss"]
[EventRounds "6"]
[EventCountry "BRA"]
[SourceTitle "The Week in Chess 1234"]
[Source "Mark Crowther"]
[SourceDate "2018.07.02"]
[SourceVersion "1"]
[SourceVersionDate "2018.07.02"]
[SourceQuality "2"]

1. e4 c5 2. Nf3 g6 3. d4 cxd4 4. Nxd4 Nc6 5. Nc3 Bg7 6. Nb3 Nf6 7. Be2 O-O 8.
O-O a6 9. Re1 b5 10. Bf1 d6 11. Bg5 Bb7 12. Qd2 Nd7 13. Bh6 Rc8 14. Bxg7 Kxg7
15. a4 b4 16. Nd5 a5 17. Bb5 Nc5 18. Re3 e6 19. Rh3 h5 20. Nf4 Nxe4 21. Qe3 Nf6
22. Bxc6 Bxc6 23. Qa7 Bd7 24. Rd3 e5 25. Rxd6 exf4 26. Rad1 Qe7 27. Qxa5 Bg4
28. f3 Qe3+ 29. Kh1 Bxf3 30. gxf3 Qxf3+ 31. Kg1 Rxc2 32. R1d2 Rxd2 33. Nxd2
Qd1+ 34. Kg2 Qe2+ 35. Kg1 Ng4 36. Qc5 Ne3 37. Qe5+ Kh7 38. Qxf4 Qg2# 0-1

[Event "IV Concordia Open 2018"]
[Site "Concordia BRA"]
[Date "2018.07.01"]
[Round "5.7"]
[White "Souza dos Santos, Matheus Garcett"]
[Black "Cubas, Jo"]
[Result "0-1"]
[WhiteElo "1932"]
[BlackElo "2476"]
[PlyCount "44"]
[EventDate "2018.06.29"]
[EventType "swiss"]
[EventRounds "6"]
[EventCountry "BRA"]
[SourceTitle "The Week in Chess 1234"]
[Source "Mark Crowther"]
[SourceDate "2018.07.02"]
[SourceVersion "1"]
[SourceVersionDate "2018.07.02"]
[SourceQuality "2"]

1. e4 c5 2. Nf3 d6 3. d4 cxd4 4. Nxd4 Nf6 5. Nc3 g6 6. Be3 Bg7 7. f3 Nc6 8. Bc4
O-O 9. Qd2 Nd7 10. O-O-O Nb6 11. Bb3 Na5 12. Qe2 a6 13. Nd5 Nxd5 14. exd5 Nxb3+
15. Nxb3 a5 16. Bd4 a4 17. Na1 e5 18. dxe6 Bxe6 19. Bxg7 Kxg7 20. Kb1 a3 21. b3
Qf6 22. c4 Bf5+ 0-1

[Event "Brazil Foz do Iguacu Open"]
[Site "Foz do Iguacu BRA"]
[Date "2018.05.16"]
[Round "1.13"]
[White "Da Silva, Joao Carlos Orguim"]
[Black "Cubas, Jo"]
[Result "0-1"]
[WhiteElo "1839"]
[BlackElo "2454"]
[PlyCount "62"]
[EventDate "2018.05.16"]
[EventType "swiss"]
[EventRounds "9"]
[EventCountry "BRA"]
[SourceTitle "The Week in Chess 1228"]
[Source "Mark Crowther"]
[SourceDate "2018.05.21"]
[SourceVersion "1"]
[SourceVersionDate "2018.05.21"]
[SourceQuality "2"]

1. e4 c5 2. Nf3 Nc6 3. d4 cxd4 4. Nxd4 g6 5. c4 Nf6 6. Nc3 d6 7. Be2 Bg7 8. Be3
O-O 9. h3 Bd7 10. Qd2 Nxd4 11. Bxd4 Bc6 12. f3 a5 13. g4 Nd7 14. Bxg7 Kxg7 15.
h4 h6 16. O-O-O a4 17. Nd5 Nc5 18. Rhg1 e5 19. Qe3 Bxd5 20. Rxd5 a3 21. b3 Qxh4
22. Rxd6 Ne6 23. Rd5 Nf4 24. Rd7 Qh2 25. Rd2 Rfd8 26. Rgd1 Qh4 27. Rxd8 Rxd8
28. Rxd8 Qxd8 29. Qd2 Qd4 30. Qc2 Nxe2+ 31. Qxe2 Qa1+ 0-1